Central Library OPAC University of Rajshahi

অঙ্গবিহীন আলিঙ্গন : (Record no. 63533)

MARC details
000 -LEADER
fixed length control field 00948nam a22002417a 4500
001 - CONTROL NUMBER
control field 63533
003 - CONTROL NUMBER IDENTIFIER
rucl marc code BD-RjUL
005 - DATE AND TIME OF LATEST TRANSACTION
control field 20211209081216.0
008 - FIXED-LENGTH DATA ELEMENTS--GENERAL INFORMATION
fixed length control field 170131s1960 bg ||||| |||| 00| 0 ben d
020 ## - INTERNATIONAL STANDARD BOOK NUMBER
Terms of availability : TK 9.00
035 ## - SYSTEM CONTROL NUMBER
System control number (BD-RjUL)63662
040 ## - CATALOGING SOURCE
Original cataloging agency BD-RjUL
Language of cataloging ben
Transcribing agency BD-RjUL
041 ## - LANGUAGE CODE
Language code of text/sound track or separate title ben
082 ## - DEWEY DECIMAL CLASSIFICATION NUMBER
Edition number 23
Classification number 891.43
Author mark and year AJA 1960
100 ## - MAIN ENTRY--PERSONAL NAME
Personal name আজাদ, আবুল কালাম
9 (RLIN) 127173
245 10 - TITLE STATEMENT
Title অঙ্গবিহীন আলিঙ্গন :
Remainder of title (রম্য-রচনা) /
Statement of responsibility, etc. আবুল কালাম আজাদ ; অনুবাদ : তাজাকলম
260 ## - PUBLICATION, DISTRIBUTION, ETC. (IMPRINT)
Place of publication, distribution, etc. ঢাকা :
Name of publisher, distributor, etc. সিটি পাবলিশার্স,
Date of publication, distribution, etc. ১৯৬০
300 ## - PHYSICAL DESCRIPTION
Pagination [১০], ১৭৬ পৃ. ;
Size ২১ সেমি.
650 ## - SUBJECT ADDED ENTRY--TOPICAL TERM
Topical term or geographic name as entry element উর্দু সাহিত্য
9 (RLIN) 127497
Topical term or geographic name as entry element Urdu Literature
9 (RLIN) 136060
700 ## - ADDED ENTRY--PERSONAL NAME
Personal name তাজাকলম, অনুবাদক
942 ## - ADDED ENTRY ELEMENTS (KOHA)
Source of classification or shelving scheme Dewey Decimal Classification
Koha item type Books
Holdings
Lost status Source of classification or shelving scheme Damaged status Not for loan Collection code Permanent Location Current Location Shelving location Date acquired Source of acquisition Cost, normal purchase price Total Checkouts Full call number Date last seen Copy number Koha item type
  Dewey Decimal Classification   Not For Loan Non-fiction Central Library, University of Rajshahi Central Library, University of Rajshahi Reading Room 10/11/1962 Farooq Library, Rajshahi 3.50   B 891.43 AJA 1960 31/01/2017 C-1 Books